000 00651nam a2200265Ia 4500
003 OSt
005 20221005125222.0
006 a|||||r|||| 00| 0
007 ta
008 221004b |||||||| |||| 00| 0 ben d
020 _c1.75
024 _a47502
037 _cTextual
040 _aCRL
_cCRL
_bben
041 _2ben
_aben
082 _aO157,1M61,4, 31K1
100 _aDuran Au.
_9624817
245 0 _aPahip paravaigal
260 _c1961
300 _a72p.
_ccm.
650 _a BENGALI POETRY
650 _aBENGALI LITERATURE
942 _hO157,1M61,4, 31K1
_cTEXL
_2cc
999 _c1053313
_d1053313